Crazy Color Quiz - Statistics

General Stats
  • This quiz has been taken 241 times
  • The average score is 6 of 20
Answer Stats
Clue Color % Correct
PURPLE Red
100%
GREEN Blue
95%
RED Black
92%
ORANGE Green
75%
YELLOW Yellow
74%
BLUE Golden
21%
BEIGE Maroon
20%
VIOLET Indigo
19%
INDIGO Orange
19%
GOLD Silver
19%
SILVER Purple
17%
SALMON Turquoise
17%
GRAY Tan
13%
PEACH Magenta
8%
WHITE Salmon
8%
NAVY Lime Green
6%
SLATE Pink
6%
MAIZE Aquamarine
4%
AQUAMARINE Olive
3%
MULBERRY Plum
0%
No matching quizzes found
Score Distribution
Percent of People with Each Score
Percentile by Number Answered
Your Score History
You have not taken this quiz